00401 a2200145 4500001000700000003000400007005001700011008004100028082001600069100002800085245008000113260003100193300001000224700002100234066355OSt20210927141017.0  a005.8bH21M1 aDondeti, Lakshminath R.1 aMulticast and group securitycby Lakshminath R. Dondeti and Thomas Hardjono aBostonbArtech Housec2003 a307p. aHardjono, Thomas